La Adopcin̤ Internacional en el Derecho Espaǫl

Bibliographic Details
Main Author: Calzadilla Medina, Mara̕ Arǹzazu
Format: eBook
Language:Spanish
Published: Madrid : Dykinson, 2004
Subjects:
Online Access:http://www.vlex.com/source/7018

MARC

LEADER 00000nam a22000007a 4500
005 20130222091500.0
007 cr|||| ||||
008 130222e2004 sp |||||s|||| 00||0 spa d
020 |a 978-84-9031-181-3 
035 |a 7018 
040 |a vLex 
090 |c 3713  |d 3713 
100 1 0 |a Calzadilla Medina, Mara̕ Arǹzazu  
245 1 3 |a La Adopcin̤ Internacional en el Derecho Espaǫl  |h [Recurso electrn̤ico] 
256 |a Servicio en ln̕ea 
260 |a Madrid :  |b Dykinson,   |c 2004 
300 |a 1 Recurso electrn̤ico 
650 0 4 |a Adopcin̤  |z Espaą 
740 |a vLex Libros (Servicio en ln̕ea) 
856 |a Acceso restringido  |u http://www.vlex.com/source/7018 
942 |c BOOK 
999 0 |a Adoption